Demografická analýza okresu Komárno

Analýza a zhodnotenie súčasnej demografickej štruktúry vybraného okresu Slovenskej republiky, konkrétne Komárna. Municipálna štruktúra obyvateľstva. Vývoj počtu obyvateľov, jeho veková, národnostná a zdravotná štruktúra. Zamestnanosť a priemerná mzda.

Salvato in:
Dettagli Bibliografici
Autore principale: Mura, Ladislav
Natura: Capitolo di libro
Lingua:slovacco
Soggetti:
Tags: Aggiungi Tag
Nessun Tag, puoi essere il primo ad aggiungerne!!

MARC

LEADER 00000naa a2200000 4500
001 0143277
005 20220715093609.4
041 0 |a slo 
044 |a SK 
245 1 0 |a Demografická analýza okresu Komárno  |c Ladislav Mura 
520 |a Analýza a zhodnotenie súčasnej demografickej štruktúry vybraného okresu Slovenskej republiky, konkrétne Komárna. Municipálna štruktúra obyvateľstva. Vývoj počtu obyvateľov, jeho veková, národnostná a zdravotná štruktúra. Zamestnanosť a priemerná mzda. 
610 2 0 |a štatistika demografická 
610 2 0 |a Slovensko 
610 2 0 |a informácie štatistické 
610 2 0 |a vývoj populačný 
610 2 0 |a vývoj regionálny 
610 2 0 |a vývoj sociálny 
610 2 0 |a zamestnanosť 
100 1 |a Mura, Ladislav